| 000 | 01175cam a2200289 i 4500 | ||
|---|---|---|---|
| 003 | SA-RiAUC | ||
| 005 | 20250828055555.0 | ||
| 008 | 250815s2011 su g 000r0 ara c | ||
| 020 | _a9786038050484 | ||
| 040 |
_aSA-RiSU _bara _cSA-RiAUC _erda |
||
| 082 | 0 | 4 | _a230 |
| 090 |
_a230 _bع و ن |
||
| 100 | 1 |
_aالعوني، حاتم بن عارف بن ناصر، _d1385 هجري- _eمؤلف. |
|
| 245 | 1 | 0 |
_aنصائح منهجية لطالب علم السنة النبوية / _cتأليف الشريف حاتم بن عارف العوفي. |
| 250 | _aالطبعة الثالثة، مزيدة ومحسنة. | ||
| 264 | 1 |
_aالرياض : _bدار الصميعي للنشر والتوزيع، _c2011 |
|
| 300 |
_a156 صفحة ؛ _c17 × 24 سم |
||
| 336 |
_aنص _btxt _2rdacontent _3كتاب |
||
| 337 |
_aبدون وسيط _bn _2rdamedia |
||
| 338 |
_aمجلد _bnc _2rdacarrier |
||
| 521 | _aموجه لطالب علم السنة النبوية. | ||
| 650 | 7 |
_aالحديث _xدراسة وتعليم _2aucsh |
|
| 856 | 4 | _uhttp://10.0.0.80:223/798.pdf | |
| 856 | 4 | _uhttp://10.0.0.2:201/3434.pdf | |
| 942 |
_2ddc _cBOOK _n0 |
||
| 949 |
_aSA-JeALM _d250815 _umohamedma123 _n1 |
||
| 999 |
_c11220 _d11220 |
||